Catálogo

El sueño no es un refugio sino un arma / (Registro nro. 60003)

Detalles MARC
000 -LEADER
fixed length control field 00882nam a2200265 a 4500
001 - CONTROL NUMBER
control field 60003
005 - DATE AND TIME OF LATEST TRANSACTION
control field 20191004132019.0
008 - FIXED-LENGTH DATA ELEMENTS--GENERAL INFORMATION
fixed length control field 140415s2009 mx r 000 0 spa d
020 ## - INTERNATIONAL STANDARD BOOK NUMBER
International Standard Book Number 9786070205392
040 ## - CATALOGING SOURCE
Description conventions rda
041 0# - LANGUAGE CODE
Language code of text/sound track or separate title spa
082 0# - DEWEY DECIMAL CLASSIFICATION NUMBER
Classification number 860
100 1# - MAIN ENTRY--PERSONAL NAME
Personal name Beltrán Félix, Geney,
Dates associated with a name 1976-
Relator term autor
245 13 - TITLE STATEMENT
Title El sueño no es un refugio sino un arma /
Statement of responsibility, etc. Geney Beltrán Félix.
250 ## - EDITION STATEMENT
Edition statement Primera edición
264 #1 - PRODUCTION, PUBLICATION, DISTRIBUTION, MANUFACTURE, AND COPYRIGHT NOTICE
Place of production, publication, distribution, manufacture México :
Name of producer, publisher, distributor, manufacturer Universidad Nacional Autónoma de México,
Date of production, publication, distribution, manufacture, or copyright notice 2009
300 ## - PHYSICAL DESCRIPTION
Extent 163 páginas ;
Dimensions 21 cm.
336 ## - CONTENT TYPE
Content type term texto
Source rdacontent
337 ## - MEDIA TYPE
Media type term sin mediación
Source rdamedia
338 ## - CARRIER TYPE
Carrier type term volumen
Source rdacarrier
490 0# - SERIES STATEMENT
Series statement Diagonal ; Textos de Difusión Cultural
650 #4 - SUBJECT ADDED ENTRY--TOPICAL TERM
Topical term or geographic name entry element Literatura mexicana
Chronological subdivision Siglo XX
General subdivision Historia y crítica
650 #4 - SUBJECT ADDED ENTRY--TOPICAL TERM
Topical term or geographic name entry element Literatura mexicana
Chronological subdivision Siglo XXI
General subdivision Historia y crítica
942 ## - ADDED ENTRY ELEMENTS (KOHA)
Classification part 860
Item part
Koha item type Libro
Existencias
Withdrawn status Lost status Source of classification or shelving scheme Damaged status Not for loan Collection code Home library Current library Shelving location Date acquired Source of acquisition Inventory number Total Checkouts Total Renewals Full call number Barcode Date last seen Date last checked out Price effective from Koha item type
    Dewey Decimal Classification     General Biblioteca Karol Wojtyla Biblioteca Karol Wojtyla Sala general 03/12/2013 Compra 151000000000000000033311 4 3 860.7 BEL 2009 90477 05/01/2026 27/11/2018 22/03/2017 Libro